000 00849nam a2200205Ii 4500
003 JO-AjNU
008 230605s9999||||xx |||||||||||||| ||und||
040 _aJO-AjNU
_bara
_erda
_cJO-AjNU
041 _aara
050 1 4 _aBP632.A28.2002
100 3 _a أبو يحيى ، محمد حسن ,
_eauthor
_937834
245 0 0 _aالميراث في الشريعة الإسلامية من الناحية الفقهية والتطبيقية
250 _a(د،ط)
264 3 1 _aعمان : المركز العربي للخدمات الطلابية ، 2002
300 _a258ص
_bيشتمل على قائمة المصادر والمراجع الببلوغرافية ص (257 -258 )
336 _atext
_btxt
_2rdacontent
337 _aunmediated
_bn
_2rdamedia
338 _avolume
_bnc
_2rdacarrier
650 4 _aالمواريث (فقه إسلامي) 
_937835
999 _aA15845
_c19413
_d19413